[Event "AUTO-OPEN-4157"]
[Site "http://www.queenalice.com/game.php?id=1628028"]
[Date "2020.9.25"]
[Round "2"]
[White "Spiritus"]
[Black "parapunzi"]
[Result "0-1"]
[WhiteElo "2240"]
[BlackElo "2683"]

1. e4 e6 2. d4 d5 3. Nc3 Bb4 4. e5 c5 5. a3 Bxc3+ 6. bxc3 Ne7 7. Qg4 Nf5 8. Bd3
O-O 9. Nf3 f6 10. exf6 Qxf6 11. Bg5 Qf7 12. Ne5 Qe8 13. dxc5 Nd7 14. Bb5 Nxe5
15. Bxe8 Nxg4 16. Bh5 Nf6 17. Bxf6 Rxf6 18. Rb1 b6 19. cxb6 axb6 20. Rxb6 Rxa3
21. Kd2 e5 22. Rxf6 gxf6 23. Rb1 Nd6 24. Rb3 Ne4+ 0-1

[Event "AUTO-OPEN-4157"]
[Site "http://www.queenalice.com/game.php?id=1628029"]
[Date "2020.9.25"]
[Round "2"]
[White "parapunzi"]
[Black "Spiritus"]
[Result "1-0"]
[WhiteElo "2677"]
[BlackElo "2243"]

1. e4 c5 2. Nf3 d6 3. d4 cxd4 4. Nxd4 Nf6 5. Nc3 a6 6. h3 e5 7. Nb3 Be6 8. f4
Be7 9. f5 Bd7 10. Qf3 Bc6 11. Be3 Nbd7 12. O-O-O Qc7 13. g4 h6 14. Kb1 b5 15. h4
b4 16. Nd5 Bxd5 17. exd5 a5 18. g5 Ng8 19. Bb5 a4 20. Nc5 dxc5 21. d6 1-0

[Event "AUTO-OPEN-4139"]
[Site "http://www.queenalice.com/game.php?id=1631545"]
[Date "2020.11.1"]
[Round "3"]
[White "RaulSoft"]
[Black "Spiritus"]
[Result "1-0"]
[WhiteElo "2663"]
[BlackElo "2293"]

1. d4 Nf6 2. c4 e5 3. dxe5 Ng4 4. Bf4 g5 5. Bg3 Bg7 6. h4 f5 7. hxg5 Qxg5 8. Nf3
Qe7 9. Qd4 Nc6 10. Qd3 Ngxe5 11. Nxe5 Nxe5 12. Qxf5 d5 13. Qh5+ Ng6 14. Nd2 Bxb2
15. Rd1 Bd7 16. cxd5 O-O-O 17. e3 Bc3 18. d6 Qe4 19. Qc5 Qc6 20. Qxa7 Qa4 21.
Qc5 Qc6 22. Qa3 1-0

[Event "AUTO-OPEN-4139"]
[Site "http://www.queenalice.com/game.php?id=1631546"]
[Date "2020.11.1"]
[Round "3"]
[White "Spiritus"]
[Black "RaulSoft"]
[Result "0-1"]
[WhiteElo "2292"]
[BlackElo "2664"]

1. e4 e6 2. d4 d5 3. Nc3 Nf6 4. e5 Nfd7 5. Nf3 c5 6. dxc5 Nc6 7. Bf4 Bxc5 8. Bd3
a6 9. Qe2 h6 10. Bg3 Ba7 11. a3 O-O 12. O-O Nc5 13. Rad1 Bd7 14. Rfe1 Qb6 15. b4
Nxd3 16. Rxd3 a5 17. b5 Ne7 18. a4 Rfc8 19. Bf4 Rc4 20. Be3 Qc7 21. Qd2 Bxe3 22.
Rexe3 Nf5 0-1

[Event "AUTO-OPEN-4139"]
[Site "http://www.queenalice.com/game.php?id=1631549"]
[Date "2020.11.1"]
[Round "3"]
[White "Spiritus"]
[Black "Pin"]
[Result "1/2-1/2"]
[WhiteElo "2292"]
[BlackElo "1936"]

1. e4 c5 2. d4 cxd4 3. c3 dxc3 4. Nxc3 e5 5. Nf3 Nc6 6. Bc4 Bc5 7. Bxf7+ Kxf7 8.
Qd5+ Ke8 9. Qxc5 Qe7 10. Qc4 d6 11. Bg5 Nf6 12. Nd5 Qf7 13. Bxf6 gxf6 14. Rd1
Kf8 15. O-O Be6 16. Qd3 Bxd5 17. Qxd5 Qxd5 18. Rxd5 Rd8 19. Rfd1 Ke7 20. Nh4 Nd4
21. R1xd4 exd4 22. Nf5+ Ke6 23. Nxd4+ Ke7 24. Kf1 a6 25. Ke2 Rhg8 26. g3 Rg5 27.
Nf5+ Ke6 28. f4 Rgg8 29. Kd2 Rd7 30. Nd4+ Kf7 31. e5 fxe5 32. fxe5 Rdd8 33. exd6
Rg6 34. Ke3 Rgxd6 35. Rxd6 Rxd6 36. Nf3 1/2-1/2

[Event "AUTO-OPEN-4139"]
[Site "http://www.queenalice.com/game.php?id=1631550"]
[Date "2020.11.1"]
[Round "3"]
[White "Pin"]
[Black "Spiritus"]
[Result "0-1"]
[WhiteElo "1901"]
[BlackElo "2292"]

1. e4 e5 2. Nf3 Nc6 3. Bc4 Bc5 4. c3 Qe7 5. O-O Nf6 6. d3 d6 7. b4 Bb6 8. a4 a6
9. Nbd2 O-O 10. Qe2 Bg4 11. Bb3 Nh5 12. Nc4 Ba7 13. h3 Ng3 14. Qe1 Bxf3 15. gxf3
Nh5 16. Kh2 Qh4 17. Be3 Ne7 18. Bxa7 Nf4 0-1

[Event "AUTO-OPEN-4246"]
[Site "http://www.queenalice.com/game.php?id=1639230"]
[Date "2021.1.8"]
[Round "1"]
[White "jpribeiro"]
[Black "Spiritus"]
[Result "0-1"]
[WhiteElo "1866"]
[BlackElo "2291"]

1. e4 c5 2. Nf3 d6 3. d4 cxd4 4. Nxd4 Nf6 5. Nc3 a6 6. Be3 e5 7. Nf3 Be7 8. Qd2
O-O 9. O-O-O b5 10. Bd3 Bb7 11. h3 Nbd7 12. g4 b4 13. Ne2 Qa5 14. Ng3 d5 15.
exd5 Qxa2 0-1

[Event "AUTO-OPEN-4246"]
[Site "http://www.queenalice.com/game.php?id=1639231"]
[Date "2021.1.8"]
[Round "1"]
[White "Spiritus"]
[Black "jpribeiro"]
[Result "1/2-1/2"]
[WhiteElo "2281"]
[BlackElo "1833"]

1. e4 e5 2. Bc4 Nc6 3. Nc3 Bc5 4. Qg4 Kf8 5. Qf3 Nf6 6. Nge2 Na5 7. Bd3 d6 8. a3
Bb6 9. h3 a6 10. b4 Nc6 11. Bc4 Nd4 12. Nxd4 Bxd4 13. Rb1 b5 14. Bb3 Bb7 15. Nd5
Nxd5 16. Bxd5 Bxd5 17. exd5 Qf6 18. Qxf6 gxf6 19. c3 Bb6 20. d3 Ke7 21. Be3 Bxe3
1/2-1/2

[Event "AUTO-OPEN-4246"]
[Site "http://www.queenalice.com/game.php?id=1639252"]
[Date "2021.1.8"]
[Round "1"]
[White "AsterixTwin"]
[Black "Spiritus"]
[Result "1-0"]
[WhiteElo "2579"]
[BlackElo "2239"]

1. e4 c5 2. Nf3 d6 3. d4 cxd4 4. Nxd4 Nf6 5. Nc3 a6 6. Be3 e5 7. Nb3 Be6 8. f3
h5 9. Qd2 Nbd7 10. O-O-O Be7 11. Kb1 b5 12. Qf2 Qc7 13. g3 Rc8 14. h4 Qb7 15.
Qd2 Nb6 16. Bxb6 Qxb6 17. Nd5 Nxd5 18. exd5 Bf5 19. Bd3 Bxd3 20. Qxd3 Rc4 21.
Qe2 f5 22. Qd3 g6 23. Nc1 Kf7 24. b3 Rhc8 25. Rd2 Rc3 26. Qe2 Qc5 27. g4 Re3 28.
Qg2 f4 29. gxh5 Rg8 30. Qg4 Qc8 31. hxg6+ Kg7 32. Qg2 Rh8 33. h5 Rh6 34. Rd3
Rxd3 35. Nxd3 Bf6 36. Nf2 1-0

[Event "AUTO-OPEN-4246"]
[Site "http://www.queenalice.com/game.php?id=1639253"]
[Date "2021.1.8"]
[Round "1"]
[White "Spiritus"]
[Black "AsterixTwin"]
[Result "0-1"]
[WhiteElo "2242"]
[BlackElo "2578"]

1. d4 Nf6 2. c4 g6 3. Nc3 Bg7 4. e4 d6 5. Nf3 O-O 6. h3 e5 7. d5 a5 8. Bg5 Na6
9. Be2 Qe8 10. Nd2 Nd7 11. a3 f5 12. exf5 Rxf5 13. Nde4 Ndc5 14. Be3 Rf8 15. O-O
b6 16. b4 Nxe4 17. Nxe4 Bf5 18. Nc3 axb4 19. axb4 Nxb4 20. Qb3 Nc2 21. Ra2 Rxa2
22. Qxa2 Nxe3 23. fxe3 e4 24. Nb5 Qe5 25. Bg4 Bh6 26. Qe2 Qg3 27. Re1 Bxg4 28.
hxg4 Rf3 0-1

[Event "AUTO-OPEN-4246"]
[Site "http://www.queenalice.com/game.php?id=1639264"]
[Date "2021.1.8"]
[Round "1"]
[White "Scharlatan"]
[Black "Spiritus"]
[Result "1/2-1/2"]
[WhiteElo "2201"]
[BlackElo "2237"]

1. e4 e5 2. Nf3 Nc6 3. Bc4 Nf6 4. d4 exd4 5. O-O Nxe4 6. Nc3 d5 7. Bxd5 dxc3 8.
Bxe4 Qxd1 9. Bxc6+ bxc6 10. Rxd1 Bd6 11. Re1+ Be7 12. Ne5 Be6 13. Nxc6 Bf6 14.
b3 Kd7 15. Ne5+ Kc8 16. Nf3 Rd8 17. Be3 Kb7 18. Bg5 Bxg5 19. Nxg5 Rd2 20. Nxe6
fxe6 21. Rac1 Rad8 22. h3 Rf8 23. f3 Rf6 24. Red1 Re2 25. Kf1 Re5 26. Rd3 Rc5
27. Re1 e5 28. Ree3 Rfc6 29. Rd7 Rd6 30. Rxd6 cxd6 31. Ke2 Kb6 32. Rd3 1/2-1/2

[Event "AUTO-OPEN-4246"]
[Site "http://www.queenalice.com/game.php?id=1639265"]
[Date "2021.1.8"]
[Round "1"]
[White "Spiritus"]
[Black "Scharlatan"]
[Result "1/2-1/2"]
[WhiteElo "2241"]
[BlackElo "2171"]

1. e4 c5 2. d4 cxd4 3. c3 d5 4. exd5 Nf6 5. Bb5+ Bd7 6. Bc4 Qc7 7. Qxd4 Na6 8.
Nf3 g6 9. Be3 Bg7 10. Qh4 Rc8 11. Na3 Nc5 12. Rd1 a6 13. O-O h6 14. d6 exd6 15.
Bd4 g5 16. Nxg5 hxg5 17. Qxg5 d5 18. Be5 Ne6 19. Qxf6 Qxe5 20. Qxe5 Bxe5 21. f4
Bxf4 22. Bxd5 Bxh2+ 23. Kf2 Ke7 24. Nc4 Rc5 25. g3 Rg8 26. Ne3 Bxg3+ 27. Kf3 Bb8
28. c4 Rg3+ 29. Kf2 Bc6 30. b4 Ba4 31. bxc5 Bxd1 32. Nf5+ Ke8 33. Nxg3 Bxg3+ 34.
Kxg3 Bh5 35. c6 bxc6 36. Bxc6+ Ke7 37. Re1 Kd6 38. Bd5 Nc5 39. Kh4 Bg6 40. Kg5
Na4 41. Kf6 Nc3 42. Bxf7 Bxf7 43. Kxf7 Nxa2 44. Re6+ Kc5 45. Rxa6 Nb4 46. Ra8
Kxc4 47. Rc8+ 1/2-1/2

[Event "AUTO-MASTER-3023"]
[Site "http://www.queenalice.com/game.php?id=1641579"]
[Date "2021.1.27"]
[Round "1"]
[White "Spiritus"]
[Black "JailtonMaster"]
[Result "1/2-1/2"]
[WhiteElo "2257"]
[BlackElo "2053"]

1. e4 c5 2. d4 cxd4 3. c3 dxc3 4. Nxc3 Nc6 5. Nf3 d6 6. Bc4 e6 7. O-O Nf6 8. Qe2
Be7 9. Rd1 e5 10. Be3 O-O 11. Rac1 Be6 12. b4 Nxb4 13. Nxe5 Qa5 14. Nf3 Bxc4 15.
Qxc4 Rac8 16. Qb3 Ng4 17. Bd4 Nc6 18. Nd5 Rfe8 19. Qxb7 Qa4 20. Nxe7+ Nxe7 21.
Qxa7 Qxa7 22. Bxa7 Ra8 23. Rc7 Nc8 24. Bd4 Rxa2 25. h3 Nf6 26. e5 dxe5 27. Nxe5
Nd6 28. Bc5 Rxe5 29. Bxd6 Re8 30. Re7 1/2-1/2

[Event "AUTO-MASTER-3023"]
[Site "http://www.queenalice.com/game.php?id=1641580"]
[Date "2021.1.27"]
[Round "1"]
[White "JailtonMaster"]
[Black "Spiritus"]
[Result "1/2-1/2"]
[WhiteElo "1998"]
[BlackElo "2251"]

1. d4 Nf6 2. c4 g6 3. Nf3 Bg7 4. g3 O-O 5. Bg2 d6 6. O-O Nc6 7. Nc3 e5 8. dxe5
dxe5 9. Qxd8 Rxd8 10. Bg5 Be6 11. b3 h6 12. Bc1 e4 13. Nd2 Bf5 14. e3 Rd3 15.
Nb5 Ne8 16. Rb1 a6 17. Na3 Nb4 18. Bxe4 Bxe4 19. Nxe4 c6 20. Nc5 Rd6 21. Nxb7
Rd7 22. Nc5 Rd6 23. Bb2 Nxa2 24. Bxg7 Kxg7 25. b4 Rd2 26. Ne4 Rd3 27. Rb2 Nxb4
28. Rxb4 Rxa3 29. Rd1 a5 30. Rb6 Rc8 31. Rd7 Rc7 32. Rd8 Nf6 33. Nxf6 Kxf6 34.
Rd6+ Ke7 35. Rdxc6 Rxc6 36. Rxc6 Ra1+ 37. Kg2 a4 38. Ra6 a3 39. Kf3 Rc1 40. Rxa3
Rxc4 41. h4 h5 42. e4 Rc2 43. Re3 f6 44. e5 fxe5 45. Rxe5+ Kf6 46. Rb5 Rc3+ 47.
Ke4 Rc4+ 48. Kf3 Rc3+ 49. Kg2 Rc2 50. Rb6+ Kf5 51. Rb5+ 1/2-1/2

[Event "AUTO-MASTER-3023"]
[Site "http://www.queenalice.com/game.php?id=1641581"]
[Date "2021.1.27"]
[Round "1"]
[White "Spiritus"]
[Black "chessman"]
[Result "1-0"]
[WhiteElo "2270"]
[BlackElo "2035"]

1. e4 e6 2. d4 d5 3. Nc3 dxe4 4. Nxe4 Nf6 5. Nxf6+ Qxf6 6. Nf3 h6 7. Bd3 Bd6 8.
Qe2 Be7 9. c3 Nc6 10. O-O Bd7 11. Be3 O-O-O 12. b4 Kb8 13. a4 g5 14. a5 g4 15.
Ne5 Nxe5 16. dxe5 Qg7 17. b5 f5 18. b6 cxb6 19. axb6 Qxe5 20. Rxa7 Bc5 21. Rfa1
1-0

[Event "AUTO-MASTER-3023"]
[Site "http://www.queenalice.com/game.php?id=1641582"]
[Date "2021.1.27"]
[Round "1"]
[White "chessman"]
[Black "Spiritus"]
[Result "0-1"]
[WhiteElo "2029"]
[BlackElo "2252"]

1. e4 e5 2. Nf3 Nc6 3. Bc4 Bc5 4. O-O d6 5. Re1 Bg4 6. d3 Nd4 7. Nbd2 Qf6 8. c3
Nxf3+ 9. Nxf3 h6 10. Be3 Bxf3 11. Qxf3 Qxf3 12. gxf3 Nf6 13. Bxc5 dxc5 14. Kg2
Nh5 15. Red1 Nf4+ 16. Kf1 Rd8 17. a4 O-O 18. Rd2 Rd6 19. Rad1 Rfd8 20. b4 cxb4
21. cxb4 Rd4 22. a5 R8d6 23. b5 Rg6 24. Rc2 Rg2 25. Bxf7+ Kxf7 26. Rxc7+ Kg8 27.
Rxb7 Rb4 28. Rxa7 Rb2 0-1

[Event "AUTO-MASTER-3023"]
[Site "http://www.queenalice.com/game.php?id=1641583"]
[Date "2021.1.27"]
[Round "1"]
[White "Spiritus"]
[Black "pomar"]
[Result "1-0"]
[WhiteElo "2269"]
[BlackElo "1900"]

1. e4 e6 2. d4 d5 3. Nc3 Bb4 4. e5 c5 5. Bd2 Nc6 6. Nb5 Bxd2+ 7. Qxd2 cxd4 8.
Nd6+ Ke7 9. f4 f6 10. Nf3 Bd7 11. Nxb7 Qb6 12. Nd6 Qxb2 13. Bd3 Qxa1+ 14. Qd1
Qxa2 15. O-O Nh6 16. Qe1 Nf7 17. Nb5 Qb2 18. exf6+ gxf6 19. Nc7 Rab8 20. Nxd5+
Kd6 21. Nxf6 Nb4 22. Ne5 Nxe5 23. Qxe5+ Ke7 24. Ne4 Rhg8 25. Qf6+ 1-0

[Event "AUTO-MASTER-3023"]
[Site "http://www.queenalice.com/game.php?id=1641584"]
[Date "2021.1.27"]
[Round "1"]
[White "pomar"]
[Black "Spiritus"]
[Result "1-0"]
[WhiteElo "1902"]
[BlackElo "2275"]

1. f3 d5 2. Kf2 c5 3. e3 e5 4. c4 d4 5. d3 Nc6 6. e4 f5 7. g3 fxe4 8. fxe4 Nf6
9. Bh3 Be7 10. Kg2 O-O 11. Bxc8 Qxc8 12. Nh3 h6 13. Rf1 Qc7 14. Nd2 Nb4 15. Nf3
Nh7 16. a3 Nc6 17. Bd2 Rf7 18. Qe2 Raf8 19. Rf2 Qb6 20. Rb1 Qb3 21. Be1 g5 22.
Nd2 Rxf2+ 23. Nxf2 Qb6 24. Qh5 Nd8 25. Ng4 Nf7 26. Nf3 Kg7 27. Nfxe5 Nxe5 28.
Nxe5 Nf6 29. Qg6+ Kh8 30. Qxh6+ Nh7 31. Ng6+ Kg8 32. Nxe7+ 1-0

[Event "AUTO-MASTER-3058"]
[Site "http://www.queenalice.com/game.php?id=1766084"]
[Date "2021.8.4"]
[Round "1"]
[White "andrevillares"]
[Black "Spiritus"]
[Result "0-1"]
[WhiteElo "2007"]
[BlackElo "2236"]

1. d4 Nf6 2. c4 e6 3. Nc3 Bb4 4. Nf3 b6 5. g3 Bb7 6. Bg2 O-O 7. O-O Bxc3 8. bxc3
d6 9. Bg5 Nbd7 10. Nd2 Bxg2 11. Kxg2 h6 12. Bxf6 Nxf6 13. e4 e5 14. d5 Qd7 15.
Qe2 Nh7 16. f4 f5 17. fxe5 dxe5 18. exf5 Rxf5 19. Qe4 Raf8 20. Rf3 Ng5 0-1

[Event "AUTO-MASTER-3058"]
[Site "http://www.queenalice.com/game.php?id=1766085"]
[Date "2021.8.4"]
[Round "1"]
[White "Spiritus"]
[Black "andrevillares"]
[Result "1/2-1/2"]
[WhiteElo "2239"]
[BlackElo "2006"]

1. e4 c6 2. d4 d5 3. e5 Bf5 4. Nf3 e6 5. Be2 Nd7 6. O-O c5 7. c4 Rc8 8. cxd5
exd5 9. Nc3 Nb6 10. a4 Be7 11. a5 Na8 12. Bb5+ Kf8 13. Bd3 Bxd3 14. Qxd3 cxd4
15. Nxd4 Nc7 16. Qg3 Qd7 17. Be3 Ne6 18. f4 Bc5 19. Rad1 Ne7 20. Qf3 Kg8 21. f5
Bxd4 22. Bxd4 Nxd4 23. Rxd4 Qc7 24. e6 Qc5 25. Rd1 fxe6 26. fxe6 Rf8 27. Qe3 Nf5
28. Qe5 Nxd4 29. Rxd4 h6 30. h3 Kh7 31. Kh2 Re8 32. Qf5+ Kg8 33. Qf7+ 1/2-1/2

[Event "AUTO-MASTER-3058"]
[Site "http://www.queenalice.com/game.php?id=1766098"]
[Date "2021.8.4"]
[Round "1"]
[White "kryspin43"]
[Black "Spiritus"]
[Result "1-0"]
[WhiteElo "2060"]
[BlackElo "2232"]

1. c4 Nf6 2. Nc3 e5 3. Nf3 Nc6 4. d3 d5 5. cxd5 Nxd5 6. e4 Nxc3 7. bxc3 Bc5 8.
Be2 Bb6 9. O-O h6 10. Ba3 Qf6 11. Rb1 Be6 12. c4 Rb8 13. c5 Ba5 14. Bb2 Bxa2 15.
Ra1 Be6 16. d4 exd4 17. Nxd4 Bd7 18. Nxc6 Qxc6 19. Rxa5 a6 20. Qd4 Qg6 21. Ra3
Rg8 22. Qe5+ 1-0

[Event "AUTO-MASTER-3058"]
[Site "http://www.queenalice.com/game.php?id=1766099"]
[Date "2021.8.4"]
[Round "1"]
[White "Spiritus"]
[Black "kryspin43"]
[Result "0-1"]
[WhiteElo "2205"]
[BlackElo "2083"]

1. e4 c5 2. d4 cxd4 3. c3 dxc3 4. Nxc3 Nc6 5. Nf3 Nf6 6. Bc4 d6 7. e5 Ng4 8. e6
fxe6 9. Ng5 Nge5 10. Nxe6 Bxe6 11. Bxe6 g6 12. O-O Bg7 13. Be3 Nd7 14. Qd2 Nc5
15. Bxc5 dxc5 16. Rad1 Qxd2 17. Rxd2 Nd4 18. Re1 Nxe6 19. Rxe6 Bxc3 20. bxc3 Rd8
21. Rxd8+ Kxd8 22. Kf1 Kd7 23. Re4 Rf8 24. Ke2 e6 25. Ra4 a6 26. Rh4 h5 27. Re4
b5 28. Re3 Rf4 29. Rd3+ Kc6 30. Ke3 Ra4 31. Rd2 Ra3 32. Kf4 Rxc3 33. Kg5 c4 34.
Kxg6 Rd3 35. Re2 Kd5 36. Kxh5 c3 0-1

[Event "AUTO-MASTER-3058"]
[Site "http://www.queenalice.com/game.php?id=1766106"]
[Date "2021.8.4"]
[Round "1"]
[White "ecruzram"]
[Black "Spiritus"]
[Result "1-0"]
[WhiteElo "2276"]
[BlackElo "2189"]

1. d4 Nf6 2. c4 e6 3. Nf3 d5 4. g3 Bb4+ 5. Bd2 Be7 6. Bg2 O-O 7. O-O c6 8. Qc2
Nbd7 9. Rc1 Ne4 10. Be1 Nb6 11. Ba5 Qe8 12. Nbd2 Nxd2 13. Nxd2 Nxc4 14. Nxc4
dxc4 15. Qxc4 Bd7 16. a4 Qc8 17. e4 Re8 18. e5 Bd8 19. Bd2 Qc7 20. a5 a6 21. Qd3
Be7 22. Be4 g6 23. b4 Rec8 24. Rab1 Qd8 25. h4 Kg7 26. h5 gxh5 27. Kg2 f5 28.
exf6+ Bxf6 29. Qe3 1-0

[Event "AUTO-MASTER-3058"]
[Site "http://www.queenalice.com/game.php?id=1766107"]
[Date "2021.8.4"]
[Round "1"]
[White "Spiritus"]
[Black "ecruzram"]
[Result "0-1"]
[WhiteElo "2215"]
[BlackElo "2266"]

1. e4 c6 2. d4 d5 3. Nc3 dxe4 4. Nxe4 Bf5 5. Ng3 Bg6 6. h4 h6 7. Nf3 Nd7 8. Bc4
e6 9. Qe2 Ngf6 10. Ne5 Nxe5 11. dxe5 Nd7 12. Bf4 Qa5+ 13. c3 Be7 14. Rd1 Rd8 15.
b4 Qa3 16. Bb3 O-O 17. h5 Bh7 18. Ne4 Bxb4 19. Rh3 Be7 20. Rhd3 Nc5 21. Nf6+
Bxf6 22. exf6 Nxd3+ 23. Rxd3 Bxd3 24. Qg4 g6 25. hxg6 Bxg6 26. Bxh6 Qb2 27. Kf1
Qb1+ 28. Ke2 Qd3+ 29. Ke1 Qxc3+ 30. Kf1 Qa1+ 31. Ke2 Rd4 32. Qg5 Re4+ 0-1